| 000 | 00000nam##2200000za#4500 |
| 001 | 9.607690 |
| 003 | CaOODSP |
| 005 | 20210624213242 |
| 007 | cr ||||||||||| |
| 008 | 150406|1999||||xxc|||||o f|0| 0 fre|d |
| 040 | |aCaOODSP|bfre |
| 043 | |an-cn--- |
| 086 | 1 |aNH18-22/99-103F-PDF |
| 110 | 2 |aSociété canadienne d'hypothèques et de logement. |
| 245 | 13|aLa qualité par la conception : |h[ressource électronique]|bun protocole d'assurance de la qualité des enveloppes de bâtiment à ossature de bois de la Colombie-Britannique / |
| 260 | |aOttawa - Ontario : |bSociété canadienne d'hypothèques et de logement |c[1999]. |
| 300 | |a4p. |
| 490 | 1 |aLe point en recherche et développement; série technique|v99-103 |
| 500 | |aFichier reproduit à partir de l'original imprimé. |
| 590 | |a14-16-Supp|b2014-09-25 |
| 775 | 08|tQuality by design : |w(CaOODSP)9.572264 |
| 830 | #0|aLe point en recherche et développement; série technique ;|v99-103|w(CaOODSP)9.500900 |
| 856 | 40|ahttp://publications.gc.ca|qPDF|s97 Ko|uhttps://publications.gc.ca/collections/collection_2014/schl-cmhc/NH18-22-99-103-fra.pdf|y99-103 |